[Event "Fremont Weibel Quads 3"]
[Site "Fremont"]
[Date "2004.10.24"]
[Round "3"]
[White "Tu, Jonathan"]
[Black "Tong, Clovis"]
[Result "1-0"]
[WhiteElo "602"]
[BlackElo "634"]
[PlyCount "44"]
[EventDate "2004.10.24"]
[EventType "swiss"]
[EventRounds "3"]
[EventCountry "USA"]
[SourceTitle "EXT 2009"]
[Source "ChessBase"]
[SourceDate "2008.11.26"]
[SourceVersion "1"]
[SourceVersionDate "2008.11.26"]
[SourceQuality "1"]

1. e4 e5 2. d4 exd4 3. c3 dxc3 4. Nxc3 Nc6 5. Bc4 Ne5 6. Bb3 Bb4 7. a3 Bc5 8. Bf4 d6 9. Nf3 Nxf3+ 10. Qxf3 Nf6 11. h3 0-0 12. 0-0 Bd7 13. Nd5 Nxd5 14. Bxd5 Bb5 15. Rfe1 c6 16. Bb3 Bd4 17. Rad1 Bxb2 18. a4 Bc4 19. Bxc4 Qf6 20. e5 Qf5 21. Bd3 Qd7 22. Qh5 g6 1-0